000 00785nam a2200253Ia 4500
003 OSt
005 20220912150658.0
006 a|||||r|||| 00| 0
007 ta
008 220909b |||||||| |||| 00| 0 eng d
024 _a30239
037 _cTextual
040 _aCSL
_beng
_cCSL
041 _aeng
082 _aB33p1,N79, M01
100 _aForster Walter Ed.
111 _aSymposium on fixed point algorithms and complementarity (1979 : University of South ampton)
245 0 _aProceeding on Numerical solution of highly nonlinear problems
260 _aAmsterdam
_bNorth-Holland
_c1980
300 _axiii, 439p.
_ccm.
650 _aDifferential equations
942 _hB33p1,N79, M01
_cTEXL
_2CC
999 _c52369
_d52369